Odpowiedź Zaczyna się na "A". - Statystyki

Ogólne statystyki
  • Ten quiz został rozwiązany 355 razy
  • Średni wynik to 11 z 15
Statystyki odpowiedzi
Pytanie/zdanie Odpowiedź % Poprawnych
Góry przechodzące przez Włochy Szwajcarię Francje itp. Alpy
99%
Kontynent w którym leży Bhutan? Azja
96%
Jak nazywa się kontynent w którym dzieci głodują? Afryka
94%
Kontynent który jest Bezludny. Antarktyda
92%
Jaki kontynent wynaleźli Wikingowie? Ameryka
88%
Nie wymienione państwo na A które też ma Alpy. Austria
87%
Państwo otoczone przez Francję i Hiszpanię. Andora
82%
Jedyne państwo na A w Oceanii. Australia
82%
Największe Państwo w Afryce. Algieria
75%
Owoc który często je się na lato i niepodobnie nazywa sie po angielsku. Arbuz
72%
Jak nazywa się państwo w którym panuje Taliban? Afganistan
70%
Rodzaj zakręconych włosów na literę A. Afro
62%
Państwo graniczące z Demokratyczną republiką konga i Namibią. Angola
61%
Stolica Madagaskaru. Antananarywa
39%
Jak nazywało się terytorium gdzie Kanada wygrała 10 - 0? Anguilla
4%
Nie znaleziono quizów pasujących do podanych kryteriów
Rozkład punktacji
Procent ludzi z każdym wynikiem
Percentyl według liczby udzielonych odpowiedzi
Twoja historia wyników
Nie rozwiązałeś tego quizu